Sistema de desarrollo basado en microprocesadores 8088 para IBM-XT o compatible.

Guardat en:
Dades bibliogràfiques
Autor principal: Cheng Lo, Yin Ho
Altres autors: Kuhlmann Berezon, Hans
Format: Llibre
Publicat: [San José , Costa Rica] 1990
Etiquetes: Afegir etiqueta
Sense etiquetes, Sigues el primer a etiquetar aquest registre!

MARC

LEADER 00000nam a2200000Ia 4500
003 004920
005 20221231144334.0
008 140114s1990 cr a m 000 ||s d
040 |c cru CEDI 
090 |a TFG 2309 
100 |a Cheng Lo, Yin Ho  |9 13093 
245 |a Sistema de desarrollo basado en microprocesadores 8088 para IBM-XT o compatible. 
260 |c 1990  |a [San José , Costa Rica] 
300 |a x, 125 hojas :ilustraciones  
500 |a Proyecto de graduación (bachiller en ingeniería eléctrica)--Universidad de Costa Rica. Facultad de Ingeniería. Escuela de Ingeniería Eléctrica 
700 |9 13094  |a Kuhlmann Berezon, Hans 
942 |c TFG 
999 |c 20394  |d 20394